000 00576nam a2200229Ia 4500
003 OSt
005 20220924133829.0
006 a|||||r|||| 00| 0
007 ta
008 220923b |||||||| |||| 00| 0 urd d
024 _a269276
037 _cTextual
040 _aARTS
_cARTS
_burd
041 _2urd
_aurd
082 _aO168,1M76:g, N59
100 _aAbid Hussain Abid
_9207499
245 0 _aSher e Iqbal
260 _c1959
650 _aURDU LITERATURE
942 _hO168,1M76:g, N59
_cTEXL
_2CC
999 _c435456
_d435456